Foros Camino a Cartagena VI Cumbre de las Américas Cartagena
Guardado en:
| Autor Corporativo: | |
|---|---|
| Otros Autores: | |
| Formato: | Procedimiento de la Conferencia Libro |
| Lenguaje: | Spanish |
| Etiquetas: |
Agregar Etiqueta
Sin Etiquetas, Sea el primero en etiquetar este registro!
|
MARC
| LEADER | 00000nam a22000007a 4500 | ||
|---|---|---|---|
| 003 | CIICLA | ||
| 005 | 20140813061821.0 | ||
| 007 | ta | ||
| 008 | 140211s2012 ck a|||f |||| 10| 0 spa d | ||
| 020 | |a 117872 | ||
| 040 | |a cru CIICLA Universidad de Costa Rica |c cru CIICLA Universidad de Costa Rica | ||
| 083 | |a 338.98 C969f | ||
| 111 | |a Foros Camino a Cartagena. VI Cumbre de las Américas |c Colombia |d 2012 | ||
| 245 | |a Foros Camino a Cartagena |b VI Cumbre de las Américas Cartagena |c Socorro Ramírez, editora | ||
| 300 | |a 559 páginas |b ilustraciones | ||
| 700 | |a Ramírez, Socorro |e editora | ||
| 942 | |2 ddc |c BK | ||
| 999 | |c 3192 |d 3192 | ||
